Proyecto de ley de auxilios a los canales y pantanos de riego y exposición de motivos de la ley / (Record no. 153904)

MARC details
000 -LEADER
campo de control de longitud fija 01202nam a2200241 i 4500
001 - NÚMERO DE CONTROL
campo de control 153904
003 - IDENTIFICADOR DE NÚMERO DE CONTROL
campo de control ES-MaACL
005 - FECHA Y HORA DE LA ÚLTIMA TRANSACCIÓN
campo de control 20250713063716.0
008 - DATOS DE LONGITUD FIJA--INFORMACIÓN GENERAL
campo de control de longitud fija 990223s1890 sp |||| | spa d
040 ## - FUENTE DE CATALOGACIÓN
Centro catalogador/agencia de origen CCPB | B
Lengua de catalogación spa
Centro/agencia transcriptor CCPB | B
080 ## - NÚMERO DE LA CLASIFICACIÓN DECIMAL UNIVERSAL
Número de la Clasificación Decimal Universal 626.82:351.712(460)
080 ## - NÚMERO DE LA CLASIFICACIÓN DECIMAL UNIVERSAL
Número de la Clasificación Decimal Universal 627.81:351.712(460)
100 1# - ENTRADA PRINCIPAL--NOMBRE DE PERSONA
Nombre de persona Llauradó, Andrés,
Fechas asociadas al nombre 1840-1899
9 (RLIN) 129002
245 10 - MENCIÓN DEL TÍTULO
Título Proyecto de ley de auxilios a los canales y pantanos de riego y exposición de motivos de la ley /
Mención de responsabilidad, etc. por Andrés Llauradó.
260 ## - PUBLICACIÓN, DISTRIBUCIÓN, ETC.
Lugar de publicación, distribución, etc. Madrid :
Nombre del editor, distribuidor, etc. [s.n.],
Fecha de publicación, distribución, etc. 1890 (
Fabricante Imprenta de Ramón y Ricardo Rojas)
300 ## - DESCRIPCIÓN FÍSICA
Extensión 58 p. ;
Dimensiones 24 cm.
530 ## - NOTA DISPONIBLE DE FORMULARIO FÍSICO ADICIONAL
Nota de formato físico adicional disponible Disponible también en sito web.
650 #4 - PUNTO DE ACCESO ADICIONAL DE MATERIA--TÉRMINO DE MATERIA
Término de materia o nombre geográfico como elemento de entrada Embalses-
Subdivisión geográfica España.
9 (RLIN) 149411
852 ## - LOCALIZACIÓN
Ubicación ES-MaACL
Número de control de estantería T-666-F-4
Nota libre -- Enc. hol., conservando la cub. original
-- -- An. ms.: ded. del autor a Manuel Sáenz Díez
-- -- Enc. en un vol. facticio
852 ## - LOCALIZACIÓN
Ubicación ES-MaACL
Número de control de estantería T-1291-F-8
Nota libre -- Enc. hol., conservando la cub. original
-- -- An. ms.: ded. del autor a Laureano Figuerola
-- -- Enc. en un vol. facticio
856 ## - LOCALIZACIÓN Y ACCESO ELECTRÓNICOS
Identificador Uniforme de Recursos <a href="http://bibliotecadigitalhispanica.bne.es:80/webclient/DeliveryManager?pid=1840657&custom_att_2=simple_viewer">http://bibliotecadigitalhispanica.bne.es:80/webclient/DeliveryManager?pid=1840657&custom_att_2=simple_viewer</a>
Nota pública Ir a la página
Holdings
Estatus retirado Estado de pérdida Estado de daño No para préstamo Colección Biblioteca de origen Biblioteca actual Ubicación en estantería Fecha de adquisición Total de préstamos Signatura topográfica completa Código de barras Visto por última vez Precio de reemplazo Tipo de ítem Koha
        Colección de folletos Biblioteca del Ateneo de Madrid Biblioteca del Ateneo de Madrid Depósito folletos 17/01/2008   T-1291-F-8 1160910 23/02/2023 23/02/2023 Folleto
        Colección de folletos Biblioteca del Ateneo de Madrid Biblioteca del Ateneo de Madrid Depósito folletos 17/01/2008   T-666-F-4 1160909 23/02/2023 23/02/2023 Folleto